Derecho al recurso No es abandono de los requisitos formales /

Detalles Bibliográficos
Autor principal: Barber ̀de Riso, Mara̕ Cristina
Formato: eBook
Lenguaje:español
Publicado: Ciudad de Cr̤doba : Alveroni Ediciones, 2007
Materias:
Acceso en línea:Acceso restringido

MARC

LEADER 00000nam a22000007a 4500
005 20130709162833.0
007 cr|||| ||||
008 130709s2007 ar |||||s|||| 00||0 spa d
020 |a 978-987-1145-98-0 
035 |a 11373 
040 |a vLex 
090 |c 4395  |d 4395 
100 1 |a  Barber ̀de Riso, Mara̕ Cristina 
245 1 0 |a Derecho al recurso  |h [Recurso electrn̤ico] :  |b No es abandono de los requisitos formales /  |c Mara̕ Cristina Barber ̀de Riso 
256 |a Servicio en ln̕ea 
260 |a Ciudad de Cr̤doba :  |b Alveroni Ediciones,  |c 2007 
300 |a 1 recurso electrn̤ico 
506 1 |a Contenido solo disponible en los productos indicados  |d vLex Global  |d vLex Global (Academic Edition, excluding Law Schools)  |d vLex Global (U.S. Academic Edition, Law Schools)  |d vLex Global (U.S. Academic Edition, excluding Law Schools)  |d vLex Global (Academic Edition, Law Schools) 
650 0 4 |a Apelaciones  |z Argentina 
650 0 4 |a Recurso penal  |z Argentina 
740 0 |a vLex Libros (Servicio en ln̕ea) 
856 4 0 |u http://vlex.com/source/derecho-al-recurso-no-es-abandono-de-los-requisitos-formales-11373  |z Acceso restringido 
942 |c BOOK 
999 0 |a Appellate procedure